Diuna - Ostateczny quiz - Statystyki

Ogólne statystyki
  • Ten quiz został rozwiązany 2 razy
  • Średni wynik to 36 z 63
Statystyki odpowiedzi
Podpowiedź Odpowiedź Książka % Poprawnych
Planeta fremenów/Diuna Arrakis TOM1 "Diuna"
100%
Zgromadzenie żeńskie Bene Gesserit TOM1 "Diuna"
100%
Fremeńska dziewczyna/córka jednego z przywódców Chani TOM1 "Diuna"
100%
Mistrz miecza Atrydów Duncan Idaho TOM1 "Diuna"
100%
Bratanek głowy Harkonnenów/Jego ulubieniec Feyd-Rautha TOM1 "Diuna"
100%
Żona głowy Atrydów Jessica TOM1 "Diuna"
100%
Głowa rodu Artydów Leto TOM1 "Diuna"
100%
Przyprawa Melanż TOM1 "Diuna"
100%
Syn głowy Atrydów Paul TOM1 "Diuna"
100%
Bratanek głowy Harkonennów/Przywódca Arrakis Rabban TOM1 "Diuna"
100%
Mentant Atrydów Thufir Hawat TOM1 "Diuna"
100%
Głowa rodu Harkonennów Vladimir TOM1 "Diuna"
100%
Lekarz akademii Suka Wellington Yueh TOM1 "Diuna"
100%
Córka głowy Atrydów Alia TOM1 "Diuna"
50%
Przywódczyni zgromadzenia żeńskiego Alma Mavis Taraza TOM5"Heretycy Diuny"
50%
Gruba matka wielebna zgormadzenia Bellonda TOM6"Kapitularz Diuną"
50%
Zgromadzenie męskie Bene Tleilax TOM2"Mesjasz Diuny"
50%
Planeta dla heretyczek zakonu żeńskiego/Źródło kojotytów Buzzel TOM7"Łowcy Diuny"
50%
Przywódczyni "Dziwek" Dama TOM6"Kapitularz Diuną"
50%
Staruszek w wizji ogrodu Daniel TOM6"Kapitularz Diuną"
50%
Prawa ręka przywódczyni/Późniejsza przywódczyni Darwi Odrade TOM5"Heretycy Diuny"
50%
Główne antagonistki, nazywane "Dziwkami" Dostojne Matrony TOM5"Heretycy Diuny"
50%
Niezależny robot/kompan wrzechumysłu Erazm TOM7"Łowcy Diuny"
50%
Przywódczyni zgromadzenia żeńskiego Gaius Helen Mohiam TOM1 "Diuna"
50%
Nowa nazwa planety Harkonennów Gammu TOM5"Heretycy Diuny"
50%
Córka Imperatora Atrydy Ganima TOM2"Mesjasz Diuny"
50%
Planeta rodu Harkonennów Giedi Prime TOM1 "Diuna"
50%
Zbrojmistrz Atrydów Gurney Halleck TOM1 "Diuna"
50%
Ambasadorka planety techokratów/Ukochana Boga Imperatora Hwi Nori TOM4"Bóg Imperator Diuny"
50%
Córka imperatora Irulana TOM1 "Diuna"
50%
Statek którym podróżują bohaterowie Itaka TOM7"Łowcy Diuny"
50%
Planeta technokratów Ix TOM4"Bóg Imperator Diuny"
50%
Planeta rodu Atrydów Kaladan TOM1 "Diuna"
50%
Planeta zgromadzenia żeńskiego/Nowa Diuna Kapitularz TOM6"Kapitularz Diuną"
50%
Tajemniczy niewidomy mówca Kaznodzieja TOM3"Dzieci Diuny"
50%
Przywódca nowych maskaradników Khrone TOM8"Czerwie Diuny"
50%
Syn Imperatora Atrydy Leto II TOM2"Mesjasz Diuny"
50%
Przywódca fremenów/Imperialny astrolog Liet-Kynes TOM1 "Diuna"
50%
"Uratowana" przez Żydów matka wielebna Lucilla TOM6"Kapitularz Diuną"
50%
Staruszka w wizji ogrodu Marty TOM6"Kapitularz Diuną"
50%
Mentor i przyjaciel gholi Miles Teg TOM5"Heretycy Diuny"
50%
Pojmana i siłą nawrócona "Dziwka" Murbella TOM5"Heretycy Diuny"
50%
Komputerowy wszechumysł Omnius TOM7"Łowcy Diuny"
50%
Mroczny klon Muad'diba/Wychowany przez Harkonenna Paolo TOM8"Czerwie Diuny"
50%
Mentant Harkonennów Piter de Vries TOM1 "Diuna"
50%
Przywódca Żydów Rabbi TOM6"Kapitularz Diuną"
50%
Nowa nazwa planety fremenów Rakis TOM5"Heretycy Diuny"
50%
Córka przywódcy Żydów Rebbeca TOM6"Kapitularz Diuną"
50%
Planeta technokratów/ Zniszczona przez "Dziwki" Richesse TOM6"Kapitularz Diuną"
50%
Więzienna planeta Corrinów Salusa Secundus TOM1 "Diuna"
50%
Tleilaxanin biorący udział w spisku Scytale TOM2"Mesjasz Diuny"
50%
Buntowniczka/ wyznaczona przez Boga Imperatora na swojego następce Siona TOM4"Bóg Imperator Diuny"
50%
Przywódca fremenów/Lider dżihadu Stilgar TOM1 "Diuna"
50%
Głowa rodu Corrinów/Imperator Szaddam IV TOM1 "Diuna"
50%
Dziewczynka potrafiąca kontrolować czerwie Sziena TOM5"Heretycy Diuny"
50%
Stara matka wielebna zgromadzenia Tamalane TOM6"Kapitularz Diuną"
50%
Mistrz Tleilaxian/ Towarzysz bohaterek podczas jazdy na czerwiu Waff TOM5"Heretycy Diuny"
50%
Planeta "Dziwek" Węzeł TOM6"Kapitularz Diuną"
50%
Kosmiczny byt wskazujący drogę/"Matka" nawigatorów Wyrocznia czasu TOM7"Łowcy Diuny"
50%
Nawigator biorący udział w spisku Edric TOM2"Mesjasz Diuny"
0%
Ghola będący "prezentem" dla Imperatora Hayt TOM2"Mesjasz Diuny"
0%
Były ambasador technokratów/Przyjaciel Boga Imperatora Malky TOM4"Bóg Imperator Diuny"
0%
Doradca Boga Imperatora/Ojciec buntowniczki Moneo TOM4"Bóg Imperator Diuny"
0%
Nie znaleziono quizów pasujących do podanych kryteriów
Rozkład punktacji
Procent ludzi z każdym wynikiem
Percentyl według liczby udzielonych odpowiedzi
Twoja historia wyników
Nie rozwiązałeś tego quizu